| 000 | 00372nam a2200157Ia 4500 | ||
|---|---|---|---|
| 008 | 221030s9999 xx 000 0 und d | ||
| 020 | _a8120314425 | ||
| 041 | _aEnglish | ||
| 082 |
_a105.23 _bPan |
||
| 100 | _aR. Panneerselvam | ||
| 245 | 0 | _aProduction & Operations Management | |
| 260 |
_bPHI _aNew Delhi _c2004 |
||
| 300 | _a455 | ||
| 650 | _aManagement | ||
| 942 | _cBK | ||
| 999 |
_c1828 _d1828 |
||